000 00704 a2200193 4500
999 _c6600
_d6600
020 _a0471950963
050 0 0 _aQR111BIO1994
245 0 0 _aBeyond the biomass :
_bcompositional and functional analysis of soil microbial communities /
_cedited by K. Ritz, J. Dighton, and K. E. Giller.
264 _aNew York:
_bJohn Wiley,
_c1994
300 _axiv, 275 p. :
_bill. ;
500 _aincludes index
504 _aIncludes bibliographical references and index.
650 0 _aSoil microbiology.
700 1 _aRitz, K.
_q(Karl)
700 1 _aDighton, John.
700 1 _aGiller, K. E.
_q(Ken E.)
942 _2lcc
_cBK
_h111
_iBIO
_kQR